| 000 | 01450nam a2200265Ia 4500 | ||
|---|---|---|---|
| 999 |
_c39300 _d39300 |
||
| 001 | 5886 | ||
| 003 | GE_BSU | ||
| 005 | 20191028154554.0 | ||
| 008 | 181216s2012||||ge |||||||||||||| ||geo|| | ||
| 020 | _a9789941434013 | ||
| 040 | _cGE_BSU | ||
| 041 | _ageo | ||
| 080 | _a614.253.1:373 გ-96 | ||
| 100 |
_aგურგენიძე, მარინე _95032 |
||
| 245 |
_aსკოლის ექიმი / _cმარინე გურგენიძე ; რედ. რამაზ სურმანიძე, გიორგი (იური) ბიბილეიშვილი |
||
| 264 |
_aბათუმი : _bშითა რუსთაველის სახ. უნ–ტი, _c2012. |
||
| 300 |
_a249 გვ. ; _b20 სმ. |
||
| 504 | _aბიბლიოგრ.: გვ. 236-247. | ||
| 520 | _aრეზ. ინგლ.. | ||
| 541 | _h5ლ. 56თ. | ||
| 700 |
_a სურმანიძე, რამაზ _eრედაქტორი _95033 |
||
| 700 |
_aბიბილეიშვილი, გიორგი _eრედაქტორი _95034 |
||
| 710 |
_a ბათუმის შოთა რუსთაველის სახელმწ. უნ-ტი _bპედ. მეცნ. დეპარტამენტი, განათლ. და მეცნ. ფაკ-ტი, საქ. განათლ. მეცნ. აკად. აჭარის განყ-ბა. _95035 |
||
| 942 |
_cBK _2udc |
||